My singing monsters 5 elements - Statistics

General Stats
  • This quiz has been taken 37 times
    13 since last reset
  • The average score is 4 of 7
Answer Stats
Answer % Correct
Candelavra
78%
Drummidary
67%
Gnarls
67%
Mimic
56%
Bowhead
44%
Tuskski
33%
Bemeebeth
22%
No matching quizzes found
Score Distribution
Percent of People with Each Score
Percentile by Number Answered
Your Score History
You have not taken this quiz since the last reset